IFM Opac

Entrepreneurship (Record no. 22155)

MARC details
000 -LEADER
fixed length control field 00407nam a22001697a 4500
020 ## - INTERNATIONAL STANDARD BOOK NUMBER
ISBN 978-1-266-26413-9
082 ## - DEWEY DECIMAL CLASSIFICATION NUMBER
Classification number 333.04
100 ## - MAIN ENTRY--AUTHOR NAME
Personal name Hisrich, Robert D.
245 ## - TITLE STATEMENT
Title Entrepreneurship
250 ## - EDITION STATEMENT
Edition statement 12th
260 ## - PUBLICATION, DISTRIBUTION, ETC. (IMPRINT)
Place of publication New York:
Name of publisher McGraw Hill,
Year of publication 2024
300 ## - PHYSICAL DESCRIPTION
Number of Pages xii, 552p.: ill.; 26cm
500 ## - GENERAL NOTE
General note Includes Index
700 ## - ADDED ENTRY--PERSONAL NAME
Personal name Peters, Michael P.
700 ## - ADDED ENTRY--PERSONAL NAME
Personal name Shepherd, Dean A.
942 ## - ADDED ENTRY ELEMENTS (KOHA)
Koha item type Books
Holdings
Withdrawn status Lost status Damaged status Not for loan Collection code Permanent Location Current Location Shelving location Date acquired Source of acquisition Full call number Accession Number Price effective from Koha item type
        Non-fiction IFM Main Campus Library IFM Main Campus Library Work Room processing 01/14/2026 Purchased 333.04 HIS 0000030441 01/14/2026 Books
        Non-fiction IFM Main Campus Library IFM Main Campus Library Work Room processing 01/14/2026 Purchased 333.04 HIS 0000030442 01/14/2026 Books
        Non-fiction IFM Main Campus Library IFM Main Campus Library Work Room processing 01/14/2026 Purchased 333.04 HIS 0000030443 01/14/2026 Books